Η άλλη μεριά του νερού : μυθιστόρημα

Αποθηκεύτηκε σε:
Λεπτομέρειες βιβλιογραφικής εγγραφής
Κύριος συγγραφέας: Cicekoglu, Feride
Μορφή: Βιβλίο
Γλώσσα:Greek
Turkish
Δημοσίευση: Αθήνα : Καστανιώτης, c1997.
Σειρά:Ορίζοντες των Βαλκανίων
Θέματα:
Ετικέτες: Προσθήκη ετικέτας
Δεν υπάρχουν, Καταχωρήστε ετικέτα πρώτοι!

MARC

LEADER 00000cam a2200000 i 4500
001 1/75077
008 050412s1997 gr | ||| |||| ||gre||
020 |a 9600318042 
035 |l 10077600 
040 |a GR-MyUa  |b gre  |e AACR2 
041 1 |a gre  |a tur 
082 7 |a 894.353   |2 (21) 
100 1 |a Cicekoglu, Feride. 
245 1 2 |a Η άλλη μεριά του νερού :   |b μυθιστόρημα /   |c Φερίντε Τσιτσέκογλου ; μετάφραση από τα τούρκικα Στέλιος Ρ. Ροΐδης.  
260 |a Αθήνα :   |b Καστανιώτης,   |c c1997.  
300 |a 124 σ. ;   |c 21 εκ. 
490 1 |a (Οι ορίζοντες των Βαλκανίων) 
500 |a Τίτλος πρωτοτύπου: Suyun öte yani.  
650 0 |a Turkish fiction. 
830 0 |a Ορίζοντες των Βαλκανίων 
852 |a INST  |b LESVOS  |e 20050412  |h 894.353 CIC  |p 005100027886  |q 005100027886  |t BK  |y 0 
852 |a INST  |b SYROS  |e 20180503  |h 894.353 CIC  |p 005500013363  |q 005500013363  |t BK  |y 0 
901 |a BIBL1-2005-1 
922 |a 1ΕΛΗ  |b 200504  |c ΤΑΚ/ΚΥΒ  |d Ειρμός 
970 |a Καμάτσου  |b Δέσποινα  |z 12/04/2005